| 000 | 01131nam a2200337 a 4500 | ||
|---|---|---|---|
| 001 | |||
| 003 | |||
| 005 | 20210526073025.0 | ||
| 008 | 100521s2017 dr a 000 0 spa d | ||
| 020 | _a9789945168105 | ||
| 040 |
_aBPMSU _bspa _cBPMSU |
||
| 082 |
_a460.7 _bM492c, 2017 _222 |
||
| 100 | 1 | _aMedrano, Sonia | |
| 245 | 1 | 0 |
_aCurso superior de lengua española básica II / _cSonia Medrano, Cristina Hernández ; prólogo Riselda Perdomo, Fátima María. Toribio. |
| 250 | _a2a ed. | ||
| 260 |
_aSanto Domingo : _bUASD, _c2017 |
||
| 300 |
_aV.; _c21 cm. |
||
| 500 | _aGuía práctica para el uso adecuado de la lengua española, orientada hacia la formación del pensamiento y el logro de una comunicación eficaz.- En portada. | ||
| 500 | _a | ||
| 504 | _aBibliografía : p. 123-124 | ||
| 590 | _aInventariado, 2020/VM | ||
| 650 | 4 |
_aEspañol _xEnseñanza |
|
| 650 | 4 |
_aEspañol _xGramática |
|
| 650 | 4 |
_aOrtografía _xEnseñanza |
|
| 700 | 1 | 2 | _aHernández, Cristina |
| 700 | 1 | 2 |
_aPerdomo, Riselda, _epról. |
| 700 | 1 | 2 |
_aToribio, Fátima María, _epról. |
| 910 | _a VMateo | ||
| 942 |
_2ddc _cBK |
||
| 956 | _a | ||
| 999 |
_c13535 _d13535 |
||